TOUT les Ballons d'Or du Football - Statistiques

Statistiques générales
  • Ce quiz a été pris 3 169 fois
  • Le résultat moyen est 39 sur 66
Statistiques - réponses
Année Vainqueur % Correct
2008 Cristiano Ronaldo
99%
2013 Cristiano Ronaldo
99%
2014 Cristiano Ronaldo
99%
2016 Cristiano Ronaldo
99%
2017 Cristiano Ronaldo
99%
2009 Lionel Messi
99%
2010 Lionel Messi
99%
2011 Lionel Messi
99%
2012 Lionel Messi
99%
2015 Lionel Messi
99%
2019 Lionel Messi
99%
2021 Lionel Messi
99%
1997 Ronaldo
99%
2002 Ronaldo
99%
2022 Karim Benzema
95%
2018 Luka Modric
95%
1998 Zinédine Zidane
93%
2007 Kaka
87%
2005 Ronaldinho
87%
1983 Michel Platini
84%
1984 Michel Platini
84%
1985 Michel Platini
84%
2006 Fabio Cannavaro
78%
1971 Johan Cruyff
66%
1973 Johan cruyff
66%
1974 Johan cruyff
66%
2003 Pavel Nedved
64%
2000 Luis Figo
63%
1988 Marco van Basten
63%
1989 Marco van Basten
63%
1992 Marco van Basten
63%
1991 Jean-Pierre Papin
62%
1999 Rivaldo
62%
2004 Andriy Shevchenko
61%
2001 Michael Owen
59%
1987 Ruud Gullit
56%
1957 Alfredo Di Stéfano
55%
1959 Alfredo Di Stéfano
55%
1972 Franz Beckenbauer
53%
1976 Franz Beckenbauer
53%
1995 George Weah
51%
1958 Raymond Kopa
51%
1970 Gerd Müller
47%
1963 Lev Yachine
47%
1965 Eusébio
46%
1993 Robert Baggio
43%
1966 Bobby Charlton
40%
1968 George Best
37%
1994 Hristo Stoichkov
33%
1990 Lothar Matthaus
33%
1960 Luis Suarez
33%
1996 Matthias Sammer
32%
1956 Stanley Matthews
26%
1980 Karl-Heinz Rummenigge
25%
1981 Karl-Heinz Rummenigge
25%
1982 Paolo Rossi
24%
1978 Kevin Keegan
19%
1979 Kevin Keegan
19%
1986 Igor Belanov
17%
1964 Denis Law
15%
1969 Gianni Rivera
14%
1977 Allan Simonsen
13%
1967 Florian Albert
13%
1975 Oleg Blokhine
13%
1962 Josef Masopust
12%
1961 Omar Sivori
12%
Aucun quiz correspondant
Distribution des résultats
% des personnes avec chaque résultat
Percentile par nombre de réponses
Votre historique - résultats
Vous n’avez pas pris ce quiz